000 00679cam a22002291 4500
001 sa 65001809
003 DLC
005 20260227112111.0
008 840628s1964 ii 000 0 hino
010 _asa 65001809
025 _aPL480:I-H-1808
035 _a(OCoLC)21639773
040 _aDLC
_cCU
_dDLC
042 _apremarc
050 0 0 _aPK2098.S532
_bN5
100 1 _aShrivastava, Krishna Kishore,
_d1925-
245 1 0 _aNīṃva kī darāreṃ.
_c[Lekhaka] Kr̥shṇa Kiśore Śrīvāstava.
260 _aDillī,
_bRājapāla
_c[1964]
300 _a118 p.
_c19 cm.
500 _aAt head of title: Bhārata Sarakāra dvārā puraskr̥ta nāṭaka.
500 _aIn Hindi.
999 _c62244
_d62244